[Event "AUT-chT2W 9495"]
[Site "Austria"]
[Date "1995.??.??"]
[Round "?.7"]
[White "Stein, Michael"]
[Black "Hiebeler, J."]
[Result "1-0"]
[WhiteElo "1755"]
[BlackElo "1690"]
[PlyCount "77"]
[EventDate "1994.??.??"]
[EventType "team"]
[EventRounds "9"]
[EventCountry "AUT"]
[SourceTitle "EXT 1999"]
[Source "ChessBase"]
[SourceDate "1998.11.16"]
[SourceVersion "1"]
[SourceVersionDate "1998.11.16"]
[SourceQuality "1"]

1. e4 e5 2. Nf3 Nc6 3. Bc4 Nf6 4. d3 d5 5. exd5 Nxd5 6. 0-0 Bg4 7. Re1 Qd6 8. d4 Nb6 9. Bb5 0-0-0 10. Bxc6 bxc6 11. h3 Bxf3 12. Qxf3 exd4 13. Qxf7 Qd5 14. Qe6+ Kb7 15. Qxd5 Nxd5 16. Bg5 Rd7 17. Re8 h6 18. Bd2 g5 19. Na3 Bg7 20. Rxh8 Bxh8 21. Re1 Re7 22. Rxe7 Nxe7 23. Nc4 c5 24. h4 Bf6 25. hxg5 hxg5 26. Kh2 Nd5 27. a3 Nf4 28. g3 Ne6 29. Kh3 Kc6 30. Kg4 Kd5 31. Kf5 Be7 32. b3 Bd8 33. Na5 c6 34. Nxc6 Kxc6 35. Kxe6 a6 36. f3 Bc7 37. g4 Bd8 38. f4 gxf4 39. Bxf4 1-0